| 000 | 00642nam a2200229 i 4500 | ||
|---|---|---|---|
| 003 | DO-SdBNP | ||
| 005 | 20241025112651.0 | ||
| 007 | ta | ||
| 008 | 230918b2023 dr abc|| |||| 00| 0 spa d | ||
| 020 | _a9789945222883 | ||
| 040 |
_aDO-SdBNP _bspa _cBNPHU _erda |
||
| 082 | 4 |
_axx _bL242p _222 |
|
| 245 | 1 | 0 |
_aPolítica social para el desarrollo humano / _cJephté Lamy |
| 264 |
_aSanto Domingo : _bBúho, _c2023 |
||
| 300 |
_a283 páginas ; _c24 cm. |
||
| 336 |
_2rdacontent _atexto _btxt |
||
| 337 |
_2rdamedia _asin mediaciónn _bn |
||
| 338 |
_2rdacarrier _avolumen _bnc |
||
| 590 | _aInventariado, 2023/DG | ||
| 910 | _aDG | ||
| 942 |
_2ddc _cLBS1 |
||
| 999 |
_c54817 _d54817 |
||